| 000 | 00998aam a2200349 4500 | ||
|---|---|---|---|
| 008 | 160609s2010 cat | ||
| 017 | _aV-2449-2010 | ||
| 020 | _a9788448241469 | ||
| 041 | _acat | ||
| 080 | _a796.332(038) | ||
| 245 |
_aVocabulari del joc de pilota _cAcadèmia Valenciana de la Llengua |
||
| 260 |
_aValència _bAcadèmia Valenciana de la Llengua _c2010 |
||
| 300 |
_a95 p. _bil. _c20 cm. |
||
| 490 |
_aVocabularis; _v4 |
||
| 500 | _aCategoria gramatical | ||
| 520 | _aaprox. 800 | ||
| 546 | _acatalà | ||
| 591 | _a10573 | ||
| 592 | _aObra terminològica | ||
| 593 | _aVKKB | ||
| 594 | _a10573 | ||
| 650 |
_apilota valenciana _966642 |
||
| 830 |
_aVocabularis; _v4 _972861 |
||
| 856 | _uhttps://www.avl.gva.es/documents/31987/65425/Vocabulari_pilota | ||
| 901 | _c<2010> | ||
| 902 | _a160609 | ||
| 942 |
_cMO _n0 _2ddc |
||
| 999 |
_c66861 _d66861 |
||